this isn't what it looks like (Record no. 7880)

MARC details
000 -LEADER
fixed length control field 01464nam a22001697a 4500
003 - CONTROL NUMBER IDENTIFIER
control field OSt
005 - DATE AND TIME OF LATEST TRANSACTION
control field 20260128005417.0
008 - FIXED-LENGTH DATA ELEMENTS--GENERAL INFORMATION
fixed length control field 260128b |||||||| |||| 00| 0 eng d
040 ## - CATALOGING SOURCE
Original cataloging agency DWCL GS library
Transcribing agency OC
082 ## - DEWEY DECIMAL CLASSIFICATION NUMBER
Classification number Fic.B742t 2010
100 ## - MAIN ENTRY--PERSONAL NAME
Personal name Bosch, Paeudonymous
245 ## - TITLE STATEMENT
Title this isn't what it looks like
260 ## - PUBLICATION, DISTRIBUTION, ETC.
Place of publication, distribution, etc. New York
Name of publisher, distributor, etc. Hatchette Book Group
Date of publication, distribution, etc. c2010
300 ## - PHYSICAL DESCRIPTION
Extent 423 423
Other physical details illustrations
Dimensions 20cm
700 ## - ADDED ENTRY--PERSONAL NAME
Personal name Pseudonymous Bosch
942 ## - ADDED ENTRY ELEMENTS (KOHA)
Source of classification or shelving scheme Dewey Decimal Classification
Koha item type Fiction
Classification part Fic.B742t 2010
Suppress in OPAC No
952 ## - LOCATION AND ITEM INFORMATION (KOHA)
--
Holdings
Withdrawn status Lost status Source of classification or shelving scheme Damaged status Not for loan Home library Current library Shelving location Date acquired Total Checkouts Full call number Barcode Date last seen Copy number Price effective from Koha item type Uniform Resource Identifier
    Dewey Decimal Classification     College Library Grade School Library Fiction 01/28/2026   Fic.B742t 2010 21389 01/28/2026 c1 01/28/2026 FIC.